000 00371nam a22001577a 4500
003 SGT
020 _a9788131233726
082 _a616.024
_bH13B
100 _aBLACK, HENRY R.
245 _aHYPERTENSION : A COMPANION TO BRAUNWALD'S HEART DISEASE
250 _a2ND
260 _aINDIA
_bELSEVIER PUB
_c2013
300 _a465
650 _aCARDIOLOGY
942 _2ddc
_cBK
999 _c21801
_d21801